000 03003cgm a2200685Ii 4500
001 ocn882309812
003 OCoLC
005 20241220141349.0
008 140701s2014 cau109 vleng d
007 vd cvaizq
040 _aTEFMT
_beng
_erda
_cTEFMT
_dTEF
_dMR0
_dUINTA
024 1 _a025192222191
028 4 2 _a61130677
_bUniversal
035 _a(OCoLC)882309812
041 1 _aeng
_jfre
_jspa
_jeng
_heng
050 4 _aPN1997.2
_b.S23 2014
082 0 4 _a791.43/72
_223
049 _aUCLB
092 _aSABOTAGE
245 0 0 _aSabotage /
_cOpen Road Films presents ; written by Skip Woods and David Ayer ; directed by David Ayer.
264 1 _aUniversal City, California :
_bUniversal Studios Home Entertainment,
_c[2014]
300 _a1 videodisc (109 min.) :
_bsound, color ;
_c4 3/4 in.
336 _atwo-dimensional moving image
337 _avideo
338 _avideodisc
344 _adigital
_boptical
_gsurround
_hDolby digital 5.1
_2rda
347 _avideo file
_bDVD video
_2rda
538 _aDVD ; anamorphic widescreen (1.85:1) presentation ; Dolby digital 5.1 surround.
546 _aIn English, with optional subtitles in English, French or Spanish.
546 _aClosed-captioned.
511 1 _aMark, Dacascosr, Carries Anne Moss, graham green, tony, todd.
508 _aMusic, David Sardy ; editor, Dody Dorn ; director of photography, Bruce McCleery.
500 _aDVD release of the 2014 motion picture.
521 8 _aMPAA rating: R; for strong bloody violence, pervasive language, some sexuality/nudity and drug use.
520 _aColonel Michael Bishop last mission west horribly wrong. Destroyed from witbn..sabotaged'''his was the only body dragged from the ashes of a black operation theat never happened.
500 _a
610 1 0 _aUnited States.
_bDrug Enforcement Administration
_vDrama.
_95774872
650 0 _aDrug traffic
_vDrama.
_95726998
650 0 _aDrug dealers
_vDrama.
_95755335
650 0 _aDrug control
_zUnited States
_vDrama.
_96518751
655 7 _aFeature films.
_2lcgft
_96275385
655 7 _aAction and adventure films.
_2lcgft
_96275386
655 7 _aCrime films.
_2lcgft
_95697955
655 7 _aFiction films.
_2lcgft
_96275387
655 7 _aVideo recordings for the hearing impaired.
_2lcgft
_96275388
700 1 _aWoods, Skip,
_escreenwriter.
_948962
700 1 _aAyer, David,
_escreenwriter,
_efilm director.
_968145
700 1 _aSchwarzenegger, Arnold,
_eactor.
_96275389
700 1 _aWilliams, Olivia,
_d1968-
_eactor.
_958702
700 1 _aHoward, Terrence,
_eactor.
_966884
700 1 _aWorthington, Sam,
_d1976-
_eactor.
_95857242
700 1 _aHolloway, Josh,
_d1969-
_eactor.
_972364
700 1 _aMartini, Max,
_d1969-
_eactor.
_95914352
700 1 _aEnos, Mireille,
_d1975-
_eactor.
_95800538
710 2 _aUniversal Studios Home Entertainment (Firm)
_972642
710 2 _aOpen Road Films.
_95896045
942 _cDVD
_031
994 _aC0
_bUINTA
998 _aa203642
999 _c127779
_d127779